00564 2200205 4500001002100000005001500021008004100036020002200077035001900099041000700118082001200125090001800137100001800155700001700173245006500190260003500255300003600290500001000326650002200336INLIS00000000000217220241224112504241224||||||||| | ||| |||| || |  a978-979-17498-8-6 0010-1224002172 aid0 a616.858 a616.858 SEA m0 aWilliam Sears0 aMartha Sears00aMemahami Anak 'Rewel': Mengasuh Anak Dengan Kebutuhan Tinggi aTanggerangbLentera Hatic2009 aviii, 340 hlm. : ilus, ; 20 cm. aCet.1 0aIlmu Keterampilan